<?xml version="1.0" encoding="UTF-8"?>
<record
    xmlns:xsi="http://www.w3.org/2001/XMLSchema-instance"
    xsi:schemaLocation="http://www.loc.gov/MARC21/slim http://www.loc.gov/standards/marcxml/schema/MARC21slim.xsd"
    xmlns="http://www.loc.gov/MARC21/slim">

  <leader>00898nam a2200265Ia 4500</leader>
  <datafield tag="999" ind1=" " ind2=" ">
    <subfield code="c">53706</subfield>
    <subfield code="d">53706</subfield>
  </datafield>
  <controlfield tag="001">20754</controlfield>
  <controlfield tag="003">GE_BSU</controlfield>
  <controlfield tag="005">20221108165949.0</controlfield>
  <controlfield tag="008">181216s2016||||ge |||||||||||||| ||geo||</controlfield>
  <datafield tag="020" ind1=" " ind2=" ">
    <subfield code="a">9781472596314x</subfield>
  </datafield>
  <datafield tag="040" ind1=" " ind2=" ">
    <subfield code="c">GE_BSU</subfield>
  </datafield>
  <datafield tag="041" ind1=" " ind2=" ">
    <subfield code="a">geo</subfield>
  </datafield>
  <datafield tag="080" ind1=" " ind2=" ">
    <subfield code="a">327.2 S-99</subfield>
  </datafield>
  <datafield tag="100" ind1=" " ind2=" ">
    <subfield code="a">Szabo, Stephen F.</subfield>
    <subfield code="9">10787</subfield>
  </datafield>
  <datafield tag="245" ind1=" " ind2=" ">
    <subfield code="a">Germany, Russia, and the Rise of Geo-Economics /</subfield>
    <subfield code="c">Stephen F.  Szabo. </subfield>
  </datafield>
  <datafield tag="264" ind1=" " ind2=" ">
    <subfield code="a">London :</subfield>
    <subfield code="b">Bloomsbury Publishing,</subfield>
    <subfield code="c">2016.</subfield>
  </datafield>
  <datafield tag="300" ind1=" " ind2=" ">
    <subfield code="a">187 p. ;</subfield>
    <subfield code="e">24 cm.</subfield>
  </datafield>
  <datafield tag="501" ind1=" " ind2=" ">
    <subfield code="a">Index. : p.181-187</subfield>
  </datafield>
  <datafield tag="504" ind1=" " ind2=" ">
    <subfield code="a">Bibl. : p.147-180</subfield>
  </datafield>
  <datafield tag="541" ind1=" " ind2=" ">
    <subfield code="h">80 Gel.</subfield>
  </datafield>
  <datafield tag="653" ind1=" " ind2=" ">
    <subfield code="a">Germany, Russia, and the Rise of Geo-Economics</subfield>
  </datafield>
  <datafield tag="653" ind1=" " ind2=" ">
    <subfield code="a">&#x413;&#x435;&#x440;&#x43C;&#x430;&#x43D;&#x438;&#x44F;, &#x420;&#x43E;&#x441;&#x441;&#x438;&#x44F;, &#x438; &#x440;&#x43E;&#x441;&#x442; &#x433;&#x435;&#x43E;&#x44D;&#x43A;&#x43E;&#x43D;&#x43E;&#x43C;&#x438;&#x43A;&#x438;</subfield>
  </datafield>
  <datafield tag="653" ind1=" " ind2=" ">
    <subfield code="a">&#x10D2;&#x10D4;&#x10E0;&#x10DB;&#x10D0;&#x10DC;&#x10D8;&#x10D0;, &#x10E0;&#x10E3;&#x10E1;&#x10D4;&#x10D7;&#x10D8; &#x10D3;&#x10D0; &#x10D2;&#x10D4;&#x10DD;&#x10D4;&#x10D9;&#x10DD;&#x10DC;&#x10DD;&#x10DB;&#x10D8;&#x10D9;&#x10D8;&#x10E1; &#x10D2;&#x10D0;&#x10DC;&#x10D5;&#x10D8;&#x10D7;&#x10D0;&#x10E0;&#x10D4;&#x10D1;&#x10D0;</subfield>
  </datafield>
  <datafield tag="942" ind1=" " ind2=" ">
    <subfield code="c">BK</subfield>
    <subfield code="2">udc</subfield>
  </datafield>
  <datafield tag="952" ind1=" " ind2=" ">
    <subfield code="0">0</subfield>
    <subfield code="1">0</subfield>
    <subfield code="2">udc</subfield>
    <subfield code="4">0</subfield>
    <subfield code="6">3272_S99</subfield>
    <subfield code="7">0</subfield>
    <subfield code="9">76218</subfield>
    <subfield code="a">CPL</subfield>
    <subfield code="b">CPL</subfield>
    <subfield code="c">GEN</subfield>
    <subfield code="d">2018-12-17</subfield>
    <subfield code="g">80.00</subfield>
    <subfield code="o">327.2 S-99</subfield>
    <subfield code="p">54072</subfield>
    <subfield code="r">2018-12-17</subfield>
    <subfield code="t">54072</subfield>
    <subfield code="w">2018-12-17</subfield>
    <subfield code="y">BK</subfield>
    <subfield code="z">80.00 GEL.</subfield>
  </datafield>
  <datafield tag="952" ind1=" " ind2=" ">
    <subfield code="0">0</subfield>
    <subfield code="1">0</subfield>
    <subfield code="2">udc</subfield>
    <subfield code="4">0</subfield>
    <subfield code="6">3272_S99</subfield>
    <subfield code="7">0</subfield>
    <subfield code="9">76219</subfield>
    <subfield code="a">CPL</subfield>
    <subfield code="b">CPL</subfield>
    <subfield code="c">GEN</subfield>
    <subfield code="d">2018-12-17</subfield>
    <subfield code="g">80.00</subfield>
    <subfield code="o">327.2 S-99</subfield>
    <subfield code="p">54073</subfield>
    <subfield code="r">2018-12-17</subfield>
    <subfield code="t">54073</subfield>
    <subfield code="w">2018-12-17</subfield>
    <subfield code="y">BK</subfield>
    <subfield code="z">80.00 GEL.</subfield>
  </datafield>
</record>
